Get strong : (Record no. 54)

MARC details
000 -LEADER
fixed length control field 01615cam a22003734a 4500
005 - DATE AND TIME OF LATEST TRANSACTION
control field 20260322212004.0
008 - FIXED-LENGTH DATA ELEMENTS--GENERAL INFORMATION
fixed length control field data
010 ## - LIBRARY OF CONGRESS CONTROL NUMBER
LC control number 2001056853
020 ## - INTERNATIONAL STANDARD BOOK NUMBER
International Standard Book Number 0743224779
020 ## - INTERNATIONAL STANDARD BOOK NUMBER
International Standard Book Number 9780743224772
040 ## - CATALOGING SOURCE
Original cataloging agency DLC
Transcribing agency DLC
Modifying agency DLC
042 ## - AUTHENTICATION CODE
Authentication code pcc
050 00 - LIBRARY OF CONGRESS CALL NUMBER
Classification number GV546.5
Item number .S74 2002
082 00 - DEWEY DECIMAL CLASSIFICATION NUMBER
Classification number 646.7/5
Edition information 21
092 ## - LOCALLY ASSIGNED DEWEY CALL NUMBER (OCLC)
Classification number 646.7 S74 2002
001 - CONTROL NUMBER
control field data
100 1# - MAIN ENTRY--PERSONAL NAME
Personal name Steinfeld, Jake.
245 10 - TITLE STATEMENT
Title Get strong :
Remainder of title Body by Jake's guide to building confidence, muscles, and a great future for teenage guys /
Statement of responsibility, etc. Jake Steinfeld & Jake Steinfeld.
260 ## - PUBLICATION, DISTRIBUTION, ETC.
Place of publication, distribution, etc. New York :
Name of publisher, distributor, etc. Simon and Schuster,
Date of publication, distribution, etc. c2002.
300 ## - PHYSICAL DESCRIPTION
Extent xix, 154 p. :
Other physical details ill. ;
Dimensions 24 cm.
500 ## - GENERAL NOTE
General note Includes index.
650 #0 - SUBJECT ADDED ENTRY--TOPICAL TERM
Topical term or geographic name entry element Bodybuilding.
650 #0 - SUBJECT ADDED ENTRY--TOPICAL TERM
Topical term or geographic name entry element Teenage boys
General subdivision Psychology.
650 #0 - SUBJECT ADDED ENTRY--TOPICAL TERM
Topical term or geographic name entry element Success.
700 1# - ADDED ENTRY--PERSONAL NAME
Personal name Steinfeld, Jake.
Title of a work Body by Jake.
856 42 - ELECTRONIC LOCATION AND ACCESS
Materials specified Contributor biographical information
Uniform Resource Identifier <a href="http://www.loc.gov/catdir/bios/simon052/2001056853.html">http://www.loc.gov/catdir/bios/simon052/2001056853.html</a>
856 42 - ELECTRONIC LOCATION AND ACCESS
Materials specified Publisher description
Uniform Resource Identifier <a href="http://www.loc.gov/catdir/description/simon031/2001056853.html">http://www.loc.gov/catdir/description/simon031/2001056853.html</a>
856 41 - ELECTRONIC LOCATION AND ACCESS
Materials specified Table of contents only
Uniform Resource Identifier <a href="http://www.loc.gov/catdir/enhancements/fy0631/2001056853-t.html">http://www.loc.gov/catdir/enhancements/fy0631/2001056853-t.html</a>
856 41 - ELECTRONIC LOCATION AND ACCESS
Materials specified Sample text
Uniform Resource Identifier <a href="http://www.loc.gov/catdir/enhancements/fy0641/2001056853-s.html">http://www.loc.gov/catdir/enhancements/fy0641/2001056853-s.html</a>
906 ## - LOCAL DATA ELEMENT F, LDF (RLIN)
a 7
b cbc
c orignew
d 1
e ocip
f 20
g y-gencatlg
925 0# -
-- acquire
-- 2 shelf copies
-- policy default
955 ## - COPY-LEVEL INFORMATION (RLIN)
-- sj05 2001-11-14 to DEWEY
-- sj05 2002-04-11;
-- sj05 2002-04-11 to BCCD
Holdings
Withdrawn status Lost status Damaged status Not for loan Home library Current library Shelving location Date acquired Total checkouts Full call number Barcode Date last seen Price effective from Koha item type
        Fairview Fairview General stacks 22/03/2026   646.7/5 21 BC0010054 22/03/2026 22/03/2026 Books